Những di sản văn hóa thế giới ở Việt Nam : Đĩa đa ngôn ngữ: Việt Nam-Pháp-Tây Ban Nha

Guardat en:
Dades bibliogràfiques
Format: Llibre
Idioma:Undetermined
Publicat: Thành phố Hồ Chí Minh Thành phố Hồ Chí Minh
Matèries:
Etiquetes: Afegir etiqueta
Sense etiquetes, Sigues el primer a etiquetar aquest registre!
Thư viện lưu trữ: Trung tâm Học liệu Trường Đại học Cần Thơ
LEADER 00761nam a2200205Ia 4500
001 CTU_137368
008 210402s9999 xx 000 0 und d
020 |c 40000 
082 |a 915.97 
082 |b Nh556 
245 0 |a Những di sản văn hóa thế giới ở Việt Nam : 
245 0 |b Đĩa đa ngôn ngữ: Việt Nam-Pháp-Tây Ban Nha 
245 0 |c Trung tâm Hợp tác Báo chí Truyền thông Quốc tế 
260 |a Thành phố Hồ Chí Minh 
260 |b Thành phố Hồ Chí Minh 
650 |a Vietnam,Civilization,Văn minh 
650 |x Description and travel,Mô tả và du hành 
904 |i Tuyến 
915 |a 900 
980 |a Trung tâm Học liệu Trường Đại học Cần Thơ